000 00413nam a22001697a 4500
003 NUST
020 _a9780521110648
038 _akhadija
082 _a004.21
_bHEE
100 _aHee, K.M.Van.
_981601
245 _aInformation Systems Engineering /
_cK.M.Van.Hee
260 _aNew York :
_bCambridge,
_c2009.
300 _a421 p. ;
_b24 cm.
500 _aPaperback.
563 _apaper back
942 _cBK
_2ddc
999 _c33930
_d33930